Normal view
MARC view
- ERTAS, A, JONES, J. C
Entry Personal Name
001 - CONTROL NUMBER
- control field: 67522
003 - CONTROL NUMBER IDENTIFIER
- control field: NUST
005 - DATE AND TIME OF LATEST TRANSACTION
- control field: 20210628203836.0
008 - FIXED-LENGTH DATA ELEMENTS
- fixed length control field: 210628|| aca||aabn | a|a d
040 ## - CATALOGING SOURCE
- Original cataloging agency: NUST
- Transcribing agency: NUST
100 ## - HEADING--PERSONAL NAME
- Personal name: ERTAS, A, JONES, J. C
670 ## - SOURCE DATA FOUND
- Source citation: Work cat.: (NUST): ERTAS, A, JONES, J. C, THE ENGINEERING DESIGN PROCESS, 1993
